000 01328aam a2200349 i 4500
001 69064
003 Mx-PuUPA
005 20220302080947.0
008 200506s2018 mx a|||gr|||| 00| jcspa d
020 _a9786073169615
040 _aMx-PuUPA
_bspa
_cMx-PuUPA
_dMx-PuUPA
_erda
041 0 _aspa
100 1 _911063
_aMontero, Rosa,
_d1951-
_eautor
240 1 0 _aHistorias de mujeres
245 1 0 _aNosotras :
_bhistorias de mujeres y algo más /
_cRosa Montero ; ilustraciones de María Herreros
250 _aPrimera edición
264 1 _aCiudad de México :
_bAlfaguara,
_c2018
300 _a298 páginas :
_bilustraciones ;
_c23 cm
336 _2rdacontent
_atexto
_btxt
337 _2rdamedia
_asin medio
_bn
338 _2rdacarrier
_avolumen
_bnc
650 4 _aMujeres
_vBiografía
650 4 _aBiografía
_zSiglo XX
650 4 _aMujeres autoras
_vBiografía
650 4 _aMujeres artistas
_vBiografía
700 1 _aHerreros, María,
_eilustrador
775 0 8 _iRevisión de
_aMontero, Rosa, 1951-
_dCiudad de México : Penguin Random House Grupo Editorial, 2016
_tHistorias de mujeres
_w(Mx-PuUPA) 69069
_z9786073141659
942 _2ddc
_cLI
_h920.72
_iM734
999 _c69064
_d69064